Effect of antibiotic on reproductive sows disease at farm of yim sovan in tropeang ses village, siem reap province, ប្រសិទ្ធភាពនៃការប្រើប្រាស់ឳសថអង់ទីប្យូទិចចំពោះជំងឺរលាកផ្លូវបន្តពូជមេជ្រូកក្រោយសម្រាលកូន នៅកសិដ្ខឋានយឹម សុវណ្ណ ភូមិត្រពាំងសេះ ខេត្តសៀមរាប (Record no. 7203)

000 -LEADER
fixed length control field 00898nam a22001337a 4500
040 ## - CATALOGING SOURCE
Transcribing agency RUA
082 ## - DEWEY DECIMAL CLASSIFICATION NUMBER
Classification number VEM TOU 2014 B441 Or.1
100 ## - MAIN ENTRY--AUTHOR NAME
Personal name TOUCH SAMNANG ; ទូច សំណាង
245 ## - TITLE STATEMENT
Title Effect of antibiotic on reproductive sows disease at farm of yim sovan in tropeang ses village, siem reap province, ប្រសិទ្ធភាពនៃការប្រើប្រាស់ឳសថអង់ទីប្យូទិចចំពោះជំងឺរលាកផ្លូវបន្តពូជមេជ្រូកក្រោយសម្រាលកូន នៅកសិដ្ខឋានយឹម សុវណ្ណ ភូមិត្រពាំងសេះ ខេត្តសៀមរាប
260 ## - PUBLICATION, DISTRIBUTION, ETC. (IMPRINT)
Place of publication Phnom Penh
Name of publisher RUA
Year of publication 2014
300 ## - PHYSICAL DESCRIPTION
Number of Pages xi ;40p.
Other physical details ill.
Dimensions 29cm.
856 ## - ELECTRONIC LOCATION AND ACCESS
Uniform Resource Identifier https://drive.google.com/file/d/1BnNyY2cHajOUdfe0-MTiTM26SPTdIPZS/view?usp=sharing
942 ## - ADDED ENTRY ELEMENTS (KOHA)
Koha item type VEM
952 ## - LOCATION AND ITEM INFORMATION (KOHA)
Withdrawn status [LOCAL, KOHA] 0
952 ## - LOCATION AND ITEM INFORMATION (KOHA)
Withdrawn status [LOCAL, KOHA] 0
952 ## - LOCATION AND ITEM INFORMATION (KOHA)
Withdrawn status [LOCAL, KOHA] 0
952 ## - LOCATION AND ITEM INFORMATION (KOHA)
Withdrawn status [LOCAL, KOHA] 0
952 ## - LOCATION AND ITEM INFORMATION (KOHA)
Withdrawn status [LOCAL, KOHA] 0
952 ## - LOCATION AND ITEM INFORMATION (KOHA)
Withdrawn status [LOCAL, KOHA] 0
952 ## - LOCATION AND ITEM INFORMATION (KOHA)
Withdrawn status [LOCAL, KOHA] 0
952 ## - LOCATION AND ITEM INFORMATION (KOHA)
Withdrawn status [LOCAL, KOHA] 0
952 ## - LOCATION AND ITEM INFORMATION (KOHA)
Withdrawn status [LOCAL, KOHA] 0
952 ## - LOCATION AND ITEM INFORMATION (KOHA)
Withdrawn status [LOCAL, KOHA] 0
952 ## - LOCATION AND ITEM INFORMATION (KOHA)
Withdrawn status [LOCAL, KOHA] 0
Holdings
Permanent Location Date acquired Koha item type Lost status Shelving location Barcode Current Location Full call number
Library Block B2016-02-29VEM B441RUA053377Library Block BVEM TOU 2014 B441 Or.1
Library Block B2016-02-29VEM B441RUA053376Library Block BVEM TOU 2014 B441 Or.2
Library Block B2016-02-29VEM B441RUA052504Library Block BVEM TOU 2014 B441 Or.3
Library Block B2016-02-29VEM B441RUA052561Library Block BVEM TOU 2014 B441 Or.4
Library Block B2016-02-29VEM B441RUA053095Library Block BVEM TOU 2014 B441 Or.5
Library Block B2016-02-29VEM B441RUA053156Library Block BVEM TOU 2014 B441 Or.6
Library Block B2016-02-29VEM B441RUA052512Library Block BVEM TOU 2014 B441 Or.7
Library Block B2016-02-29VEM B441RUA052563Library Block BVEM TOU 2014 B441 Or.8
Library Block B2021-11-16VEM B692A065656Library Block BVEM TOU 2014 B692 Or.1
Library Block B2021-11-22VEM B694A066953Library Block BVEM TOU 2014 B694 Or.1
Library Block B2021-12-15VEM B676a066626Library Block BVEM TOU 2014 B676 Or.1
មជ្ឈមណ្ឌលឯការនៃសាកលវិទ្យាល័យភូមិន្ទកសិកម្មចំការដូង

Powered by Koha